000 00269nam a2200109Ia 4500
008 190914s9999||||xx |||||||||||||| ||und||
100 _aMian Kamaluddin
245 0 _aJamai Rehnomai Mukhzan-e-Adab
260 _aKarachi
_b Pakistan Book
_c2013
300 _a250
942 _cBK
999 _c8522
_d8522